000
00372nam a2200133Ia 4500
008
151001s9999||||xx |||||||||||||| ||und||
100
_a
रवींद्रनाथ टागोर
245
_a
इतिहास
250
_a
1
260
_b
प्रेस्टीज पब्लिकेशन पुणे
260
_c
1971
300
_a
125
365
_b
22
999
_c
957860
_d
957857